00787nam a2200229 a 4500003000900000005001700009008004100026020002700067020003000094040001000124082001500134100002100149245005200170260005400222300001500276650003200291650004900323650005800372650003500430650002800465856006400493PK-NaQUE20250524113649.0250524b ||||| |||| 00| 0 eng d a8120309790 (paperback) a9788120309791 (paperback) cQUEST a515.353RAO1 aRao, K. Sankara.10aIntroducton to Partial Differential Equations / aNew DelhibPrentice-Hall of India Pvt.Ltd,c1995. aX,357 p. ; aPerturbation (Mathematics)  aDifferential equations--Numerical solutions  aDifferential equations, Partial--Numerical solutions  aComputer science--Mathematics  aDifferential equations 40uhttp://10.10.170.122:8080/browse/book/27435yDownload eBook